| 000 | 00413nam a22001697a 4500 | ||
|---|---|---|---|
| 020 | _a5060002209XXX | ||
| 041 | _aeng | ||
| 080 | _a82 | ||
| 090 | _bИВЯ | ||
| 100 | _aИвянская И. С. | ||
| 245 | _aGraham Greene. A Chance for Mr. Lever | ||
| 260 |
_aМосква _bВысшая школа _c1989 |
||
| 300 | _a127 | ||
| 520 | _0Literature, Fiction, Classics | ||
| 650 | _aReading | ||
| 999 |
_c280034 _d280034 |
||
| 942 | _cBK | ||